| 000 | 00972nam a22002415a 4500 | ||
|---|---|---|---|
| 999 |
_c27518 _d27489 |
||
| 003 | EG-ScBUE | ||
| 005 | 20190609134300.0 | ||
| 008 | 190609s2018 ua gr 000 0 ara d | ||
| 017 | _a2018 / 10624 | ||
| 040 |
_aEG-ScBUE _bara _cEG-ScBUE _dEG-ScBUE |
||
| 082 | 0 | 4 |
_a297.12285537 _bن ع م _222 |
| 245 | 0 | 0 |
_aنعمة الماء : _bنحو استخدام رشيد للمياه / _cإعداد محمد سالم أبو عاصي... [وإلخ.] ؛ إشراف ومراجعة وتقديم محمد مختار جمعة. |
| 260 |
_aالقاهرة : _bوزارة الأوقاف، _c2018. |
||
| 300 |
_a71 ص. ؛ _c24 سم. |
||
| 541 |
_aMr. Farid Khamis ; _cDonation ; |
||
| 650 | 7 |
_aالمياه في القرآن. _2BUEsh |
|
| 650 | 7 |
_aالإسلام والعلم. _2BUEsh |
|
| 651 | _2BUEsh | ||
| 653 |
_bGGEN _cJune2019 |
||
| 700 | 1 |
_aأبو عاصي، محمد سالم. _917408 |
|
| 700 | 1 |
_aجمعة، محمد مختار، _eمشرف، _eمراجع. |
|
| 942 | _2ddc | ||